Considers the settlement of accounts (Record no. 69364)
[ view plain ]
| 000 -LEADER | |
|---|---|
| fixed length control field | 01471cam a2200241 4500 |
| 008 - FIXED-LENGTH DATA ELEMENTS--GENERAL INFORMATION | |
| fixed length control field | 020125n2001 000 0 eng u |
| 035 ## - SYSTEM CONTROL NUMBER | |
| System control number | (Sirsi) u116442 |
| 100 ## - MAIN ENTRY--PERSONAL NAME | |
| Personal name | Brewer, G |
| 245 ## - TITLE STATEMENT | |
| Title | Considers the settlement of accounts |
| 260 ## - PUBLICATION, DISTRIBUTION, ETC. | |
| Date of publication, distribution, etc. | 2001 |
| 490 ## - SERIES STATEMENT | |
| Series statement | Contract Journal |
| Volume/sequential designation | 411(6355) 28 November 2001, 22(1) |
| 520 ## - SUMMARY, ETC. | |
| Summary, etc. | Examines the problems for main contractors in settling subcontractors accounts with brief discussion of "Stour Valley Builders v Mr and Mrs T P Stuart". Advises main contractors to consider a number of points including whether proper and timely payment and withholding notices have been sent to all subcontractors; whether pay-when-certified provisions are in place under the subcontracts; the ability of subcontractors to enter into arbitration with the employer using the name of the main contractor; and the prospect of adjudication under the Construction Act 1996. Concludes that formal agreements to settle subcontractor's accounts need to be drawn up carefully to avoid them being re-opened later. |
| 590 ## - LOCAL NOTE (RLIN) | |
| Local note | ABS |
| 650 ## - SUBJECT ADDED ENTRY--TOPICAL TERM | |
| Topical term or geographic name entry element | SUBCONTRACTORS |
| 650 ## - SUBJECT ADDED ENTRY--TOPICAL TERM | |
| Topical term or geographic name entry element | CONTRACTORS |
| 650 ## - SUBJECT ADDED ENTRY--TOPICAL TERM | |
| Topical term or geographic name entry element | STOUR VALLEY BUILDERS V MR AND MRS T P STUART |
| 650 ## - SUBJECT ADDED ENTRY--TOPICAL TERM | |
| Topical term or geographic name entry element | PAYMENT PROVISIONS |
| 650 ## - SUBJECT ADDED ENTRY--TOPICAL TERM | |
| Topical term or geographic name entry element | ACCOUNTS |
| 650 ## - SUBJECT ADDED ENTRY--TOPICAL TERM | |
| Topical term or geographic name entry element | SETTLEMENT AGREEMENTS |
| 650 ## - SUBJECT ADDED ENTRY--TOPICAL TERM | |
| Topical term or geographic name entry element | MANAGEMENT-DISPUTE AVOIDANCE, MANAGEMENT AND RESOLUTION-DISPUTE MANAGEMENT AND RESOLUTION-ALTERNATIVE DISPUTE RESOLUTION-ADJUDICATION |
| 690 ## - LOCAL SUBJECT ADDED ENTRY--TOPICAL TERM (OCLC, RLIN) | |
| Topical term or geographic name as entry element | BUILT ENVIRONMENT |
| 942 ## - ADDED ENTRY ELEMENTS (KOHA) | |
| Suppress in OPAC | 0 |
No items available.